Medidor de tráfico cursado por abandono en una central telefónica

Bewaard in:
Bibliografische gegevens
Hoofdauteur: Acuña González, Gonzálo
Andere auteurs: Marín Rojas, Henry, Quesada Castro, Glauco
Formaat: Boek
Gepubliceerd in: San José, Costa Rica 1988
Onderwerpen:
Tags: Voeg label toe
Geen labels, Wees de eerste die dit record labelt!

MARC

LEADER 00000nam a2200000Ia 4500
003 004699
005 20221231144341.0
008 140114s1988 cr a m 000 ||s d
040 |c cru CEDI 
090 |a TFG 2182 
100 |a Acuña González, Gonzálo  |9 13459 
245 |a Medidor de tráfico cursado por abandono en una central telefónica  
260 |c 1988  |a San José, Costa Rica 
300 |a  161 hojas : ilustraciones (algunas plegables) ; 28 cm  
500 |a  Proyecto de graduación (licenciatura en ingeniería eléctrica)--Universidad de Costa Rica. Facultad de Ingeniería. Escuela de Ingeniería Eléctrica 
650 |x CENTRALES TELEFONICAS  |9 13462 
700 |9 13460  |a Marín Rojas, Henry 
700 |9 13461  |a Quesada Castro, Glauco 
942 |c TFG 
999 |c 20571  |d 20571